[Event "36th Zalakaros Open 2017"]
[Site "Zalakaros HUN"]
[Date "2017.05.26"]
[Round "9.1"]
[White "Nabaty,T"]
[Black "Zubov,A UKR"]
[Result "0-1"]
[WhiteElo "2640"]
[BlackElo "2604"]

1.d4 Nf6 2.c4 g6 3.Nc3 d5 4.Bf4 Bg7 5.e3 O-O 6.Rc1 Be6 7.c5 c6 8.h3 Ne4 9.Bd3
Bf5 10.Nxe4 Bxe4 11.Bxe4 dxe4 12.Ne2 Nd7 13.O-O e5 14.dxe5 Nxe5 15.Qb3 Nd3
16.Rcd1 Qd5 17.Qxb7 Qxc5 18.Bg3 Bxb2 19.Nf4 Qc2 20.Qb3 Qxb3 21.axb3 Rfd8
22.Rd2 Nxf4 23.Rxb2 Nd3 24.Ra2 Rd7 25.Ra4 f5 26.f3 exf3 27.Rxf3 Rb7 28.Bd6 Rd8
29.Ba3 Re8 30.g4 fxg4 31.hxg4 c5 32.Kf1 Ree7 33.Ke2 Rxb3 34.e4 Nb2 35.Rxb3
Nxa4 36.Ke3 Kf7 37.Rb8 Ke6 38.Rb5 Rc7 39.Ra5 Nb6 40.Kd3 Kd6 41.g5 Nd7 42.Ra6+
Ke7 43.Bb2 Nb6 44.Be5 Rd7+ 45.Kc3 Rb7 46.Bf4 Kd7 47.Be3 Kc6 48.Ra5 Nd7 49.Ra6+
Kb5 50.Re6 Nb6 51.Re8 a5 52.Bc1 a4 53.e5 Re7 54.Rxe7 Nd5+ 55.Kd3 Nxe7 56.e6
Kc6 57.Kc4 Kd6 58.Kb5 Nf5 59.e7 Nxe7 60.Ba3 Ke5 61.Kxa4 Kf5 62.Bc1 Nc6 63.Kb5
Ne5 64.Bb2 c4 65.Bc3 Ke4 66.Kc5 Nf3 {#R} 0-1

[Event "26th Chicago Open 2017"]
[Site "Chicago USA"]
[Date "2017.05.26"]
[Round "3.9"]
[White "Brown,Michael William"]
[Black "Perez,Rob"]
[Result "0-1"]
[WhiteElo "2489"]
[BlackElo "2365"]
[EventType "swiss"]

1.d4 Nf6 2.c4 g6 3.Nc3 d5 4.Bf4 Bg7 5.e3 O-O 6.Rc1 Be6 7.Qb3 c5 8.Nf3 Nc6
9.dxc5 Ne4 10.Qxb7 Qa5 11.Qxc6 Nxc3 12.bxc3 Bxc3+ 13.Kd1 Rfd8 14.Bc7 dxc4+
15.Nd4 Qb4 16.Bxd8 Rxd8 17.Qc7 Rd7 18.Qe5 Rd5 19.Qe4 Bxd4 20.exd4 c3 21.Bd3
Rxd4 22.Qa8+ Kg7 23.Ke2 Bc4 24.Rcd1 c2 25.Rd2 Qb2 26.Ke3 Qc3 27.Qf3 Bxd3 {#R}
0-1

[Event "chess.com Speed 5m+2spm 2017"]
[Site "chess.com INT"]
[Date "2017.05.25"]
[Round "1.7"]
[White "So,W"]
[Black "Giri,A"]
[Result "0-1"]
[WhiteElo "2815"]
[BlackElo "2785"]

1.d4 Nf6 2.c4 g6 3.Nc3 d5 4.cxd5 Nxd5 5.e4 Nxc3 6.bxc3 Bg7 7.Be3 c5 8.Nf3 Qa5
9.Qd2 Nc6 10.Rb1 a6 11.Rc1 cxd4 12.cxd4 Qxd2+ 13.Kxd2 f5 14.e5 O-O 15.Bc4+ e6
16.Ke2 Bd7 17.h4 Rac8 18.Bd2 h6 19.Bb3 Kf7 20.Rhg1 Rfd8 21.g4 Ne7 22.g5 h5
23.Ba5 Re8 24.Bb4 Bf8 25.Rxc8 Rxc8 26.Bxe7 Bxe7 27.Rd1 Bb5+ 28.Ke1 Rc3 29.Nd2
Rh3 30.Bc4 Rxh4 31.Bxb5 axb5 32.Nf3 Rh1+ 33.Ke2 Rxd1 34.Kxd1 Ke8 35.Ke2 Kd7
36.Ke3 Kc6 37.Kf4 Ba3 38.Nh4 Bc1+ 39.Kg3 Bxg5 40.Nxg6 Kd5 41.f4 Bd8 42.Nf8 b4
43.Kh3 b5 44.Kg3 h4+ 45.Kh3 b3 46.axb3 b4 47.Nd7 Kxd4 48.Nf8 Kd5 49.Nd7 Be7
50.Nb8 Ke4 51.Nc6 Bc5 52.Nd8 Kd5 53.Nb7 Be3 {#R} 0-1

[Event "36th Zalakaros Open 2017"]
[Site "Zalakaros HUN"]
[Date "2017.05.25"]
[Round "8.15"]
[White "Stupak,K"]
[Black "Puranik,A"]
[Result "1-0"]
[WhiteElo "2560"]
[BlackElo "2459"]

1.d4 Nf6 2.c4 g6 3.Nc3 d5 4.cxd5 Nxd5 5.e4 Nxc3 6.bxc3 Bg7 7.Be3 c5 8.Rc1 O-O
9.Qd2 e5 10.d5 Qd6 11.Bd3 f5 12.Bg5 Nd7 13.c4 f4 14.f3 Bf6 15.Bxf6 Nxf6 16.Ne2
g5 17.g3 g4 18.gxf4 gxf3 19.Ng1 Nh5 20.Nxf3 Rxf4 21.Rg1+ Kh8 22.Be2 Rg4
23.Rxg4 Bxg4 24.Ng5 Qd7 25.Qb2 Re8 26.Ne6 Bxe6 27.dxe6 Qg7 28.Bxh5 Qg1+ 29.Kd2
Rd8+ 30.Kc2 Qxh2+ 31.Kb1 Qxh5 32.e7 Rg8 33.Qf2 Qg6 34.Qf8 Qxe4+ 35.Kb2 Qd4+
36.Rc3 Qd2+ 37.Kb3 Qd7 38.Qf6+ Rg7 39.Qf8+ Rg8 40.Qf6+ Rg7 41.e8=Q+ Qxe8
42.Rd3 h6 43.Rd8 Qxd8 44.Qxd8+ Kh7 45.Qe8 b6 46.Qxe5 {#r} 1-0

[Event "10th KIIT Elite Open 2017"]
[Site "Bhubaneswar IND"]
[Date "2017.05.28"]
[Round "4.11"]
[White "Aditya,Mittal"]
[Black "Khusenkhojaev,Muhammad"]
[Result "0-1"]
[WhiteElo "2211"]
[BlackElo "2433"]

1.d4 Nf6 2.c4 g6 3.Nc3 d5 4.cxd5 Nxd5 5.Bd2 Nb6 6.Bg5 Bg7 7.e3 h6 8.Bh4 O-O
9.Nf3 c6 10.Bd3 Bg4 11.O-O N8d7 12.h3 Bxf3 13.Qxf3 Qe8 14.Qe2 e5 15.dxe5 Nxe5
16.Bc2 Nec4 17.Bb3 Na5 18.Qc2 Nxb3 19.Qxb3 Qe6 20.Rfd1 Rfe8 21.Qxe6 Rxe6
22.Rac1 g5 23.Bg3 a5 24.b3 Bxc3 25.Rxc3 Nd5 26.Rc4 b5 27.Rcd4 b4 28.R1d2 f5
29.Rc4 a4 30.bxa4 Rxa4 31.Rdc2 f4 32.exf4 b3 33.axb3 Re1+ 34.Kh2 Raa1 35.Bh4
gxh4 36.g3 Rh1+ 37.Kg2 hxg3 38.Rxc6 gxf2 39.Rxf2 Rag1+ 40.Kf3 Rxh3+ 41.Ke4 Ne7
42.Rcc2 Re1+ 43.Rce2 Rxe2+ 44.Rxe2 Rxb3 45.Rh2 Kg7 46.f5 Rb6 47.Ke5 Kf7 48.Rh5
Ng8 49.Rh1 Rb5+ 50.Ke4 Kf6 51.Kf4 Rxf5+ 52.Kg4 Kg6 53.Ra1 Nf6+ {#R} 0-1

[Event "10th KIIT Elite Open 2017"]
[Site "Bhubaneswar IND"]
[Date "2017.05.29"]
[Round "6.8"]
[White "Debashis,D"]
[Black "Muthaiah,AL"]
[Result "1-0"]
[WhiteElo "2496"]
[BlackElo "2289"]

1.d4 Nf6 2.c4 g6 3.Nc3 d5 4.cxd5 Nxd5 5.e4 Nxc3 6.bxc3 Bg7 7.Nf3 O-O 8.Be2 c5
9.O-O cxd4 10.cxd4 Bg4 11.Be3 Bxf3 12.Bxf3 Nc6 13.d5 Na5 14.Rc1 b6 15.Bg4 f5
16.exf5 gxf5 17.Bh3 Rc8 18.Qf3 Rxc1 19.Rxc1 Qd7 20.g3 Nb7 21.Bf4 Nc5 22.Re1 e6
23.dxe6 Nxe6 24.Qb3 Rf6 25.Bg5 {#r} 1-0

[Event "Deltalift Open 2017"]
[Site "Tylosand SWE"]
[Date "2017.05.25"]
[Round "4.1"]
[White "Brynell,S"]
[Black "Turov,M"]
[Result "0-1"]
[WhiteElo "2430"]
[BlackElo "2600"]

1.d4 Nf6 2.Nf3 g6 3.c4 Bg7 4.Nc3 d5 5.cxd5 Nxd5 6.e4 Nxc3 7.bxc3 c5 8.Be3 O-O
9.Be2 Qa5 10.Bd2 Bg4 11.O-O Qc7 12.d5 Nd7 13.Rb1 Rab8 14.c4 Bxf3 15.Bxf3 Bd4
16.Rb3 e6 17.Be3 Bxe3 18.Rxe3 e5 19.h4 Nf6 20.h5 Ne8 21.Be2 Nd6 22.Bd3 Qe7
23.Qg4 Kh8 24.hxg6 fxg6 25.g3 Kg7 26.f4 Rbe8 27.f5 Rf6 28.Kg2 Kh8 29.fxg6 Rxg6
30.Qh5 Reg8 31.Ref3 Qg7 32.Qh2 b6 33.a4 Rh6 34.Qg1 Qg4 35.Qe3 Qh3+ 36.Kf2 Rhg6
37.Rg1 Qd7 38.a5 b5 39.Qxc5 bxc4 40.Bc2 Qb7 41.Qa3 Qe7 42.Qc3 Nb5 43.Qxc4 Nd4
44.Rf5 Nxf5 45.exf5 Rg4 46.Qc3 Rd4 47.Re1 Qf6 48.Be4 Qh6 49.Re2 Qh2+ 50.Bg2
Rf4+ 51.Ke1 Qg1+ 52.Kd2 Rd4+ 53.Kc2 Qd1+ {#R} 0-1

[Event "ch-Flemish 2017"]
[Site "Ghent BEL"]
[Date "2017.05.27"]
[Round "6.3"]
[White "Roos,Ad"]
[Black "Cools,G"]
[Result "0-1"]
[WhiteElo "2249"]
[BlackElo "2319"]

1.d4 Nf6 2.c4 g6 3.Nc3 d5 4.cxd5 Nxd5 5.e4 Nxc3 6.bxc3 Bg7 7.Bg5 c5 8.Rc1 cxd4
9.cxd4 O-O 10.Nf3 Nc6 11.d5 Ne5 12.Be2 Qd6 13.Nd2 f5 14.O-O Nf7 15.Be3 fxe4
16.Nxe4 Qe5 17.Qa4 a6 18.f4 Qxd5 19.Bc4 Qf5 20.Ng5 e6 21.Qb3 Nxg5 22.fxg5 Qe4
23.Rxf8+ Bxf8 24.Be2 Bd7 25.Bf3 Qe5 26.Bxb7 Rb8 27.Ba7 Qxg5 28.Rc2 Re8 29.Bd4
Bd6 30.g3 Qb5 31.Kg2 Rf8 32.Rf2 Rxf2+ 33.Bxf2 Qxb3 34.axb3 Bb5 35.Kf3 Kf7
36.Ke4 Ke7 37.Bd4 Kd7 38.Ke3 Kc7 39.Be4 e5 40.Bc3 Bc5+ 41.Kf3 Kd6 42.h4 Bd4
43.Bb4+ Ke6 44.g4 Bb6 45.h5 Kf6 46.Bc3 Bd7 47.hxg6 hxg6 48.g5+ Kxg5 49.Bxe5 a5
50.Bc3 Bg4+ 51.Kg3 Bc7+ 52.Kg2 Bd1 53.Bd2+ Kh5 54.Bd5 g5 55.Bf7+ Kh4 56.Be1+
Kg4 57.Be6+ Kh5 58.Bf7+ Kh6 59.Bd2 Kg7 60.Bc4 Kg6 61.Kf2 g4 62.Ke1 Bc2 63.Bc3
g3 64.Bd5 Kf5 65.Kd2 Be4 66.Bg8 Bb6 67.Bh7+ Kf4 68.Bxe4 Kxe4 {#R} 0-1

[Event "4th Gligoric Cup 2017"]
[Site "Novi Banovci SRB"]
[Date "2017.05.27"]
[Round "4.2"]
[White "Ilic,DM"]
[Black "Kojovic,D"]
[Result "0-1"]
[WhiteElo "2314"]
[BlackElo "2376"]

1.d4 Nf6 2.c4 g6 3.Nc3 d5 4.Nf3 Bg7 5.Bg5 Ne4 6.cxd5 Nxg5 7.Nxg5 e6 8.Qd2 exd5
9.Qe3+ Kf8 10.Qf4 Bf6 11.h4 Kg7 12.O-O-O h6 13.Nf3 c6 14.e3 Be6 15.Bd3 Nd7
16.g4 Qb8 17.Rdg1 Be7 18.Qxb8 Raxb8 19.Ne1 h5 20.g5 b5 21.Ne2 Bd6 22.Bc2 Bg4
23.f3 Be6 24.Ng3 c5 25.Nd3 Rbc8 26.Ne2 Bf5 27.Kd2 Nb6 28.b3 c4 29.Ne1 Bb4+
30.Kd1 Bd7 31.Nf4 Rhe8 32.Neg2 a5 33.Ke2 cxb3 34.Bxb3 a4 35.Bd1 Bf5 36.Kf2 Bd6
37.Be2 Rc2 38.Ra1 b4 39.Rhb1 Rc3 40.Rc1 Rec8 41.Rd1 Ra3 42.Ne1 Bxf4 43.exf4
Rcc3 44.Kf1 Nd7 {#R} 0-1

[Event "Deltalift Open 2017"]
[Site "Tylosand SWE"]
[Date "2017.05.25"]
[Round "2.1"]
[White "Sorensen,Hampus"]
[Black "Turov,M"]
[Result "0-1"]
[WhiteElo "2103"]
[BlackElo "2600"]

1.d4 Nf6 2.c4 g6 3.Nc3 d5 4.Nf3 Bg7 5.Qb3 dxc4 6.Qxc4 O-O 7.e4 Be6 8.d5 Bc8
9.Bf4 c6 10.Be2 cxd5 11.exd5 Nbd7 12.Bc7 Qe8 13.O-O Nb6 14.Bxb6 axb6 15.Qb4
Qd8 16.Bc4 Qd6 17.Qxd6 exd6 18.Rfe1 Rd8 19.h3 Kf8 20.Re2 Bd7 21.Nd2 Ne8
22.Nde4 Bf5 23.Ng3 Bd7 24.Nge4 Rac8 25.Bb5 Bxb5 26.Nxb5 Be5 27.g3 Nf6 28.Nec3
Rc5 29.Rd1 g5 30.Kg2 h5 31.f3 Kg7 32.Kf2 Kg6 33.a4 Rc4 34.Rdd2 Rdc8 35.b3 Rxc3
36.Nxc3 Rxc3 37.b4 Rc4 38.a5 Rxb4 39.axb6 Rxb6 40.Rd3 Rb5 41.Red2 Rc5 42.Ke3
Bxg3 {#R} 0-1

[Event "6th CHN w Masters 2017"]
[Site "Wuxi CHN"]
[Date "2017.05.27"]
[Round "1.3"]
[White "Zhao,Shengxin"]
[Black "Shen Yang"]
[Result "0-1"]
[WhiteElo "2155"]
[BlackElo "2473"]

1.d4 Nf6 2.c4 e6 3.g3 Bb4+ 4.Bd2 a5 5.Bg2 O-O 6.Nf3 d6 7.O-O Bxd2 8.Qxd2 Nbd7
9.Nc3 e5 10.e4 b6 11.Rfe1 Re8 12.Rad1 Bb7 13.Nd5 Qb8 14.b3 h6 15.Qc3 Nh7
16.Nh4 Bxd5 17.cxd5 exd4 18.Qxd4 Qd8 19.f4 Qf6 20.Qc4 Nhf8 21.Nf3 Nc5 22.e5
Qg6 23.e6 Qf6 24.Nd4 Ng6 25.Bh3 Kh8 26.exf7 Qxf7 27.Ne6 Nf8 28.Nxc5 bxc5
29.Be6 Qf6 30.Re2 Reb8 31.Qd3 a4 32.bxa4 Rxa4 33.Qf5 Rba8 34.Qxf6 gxf6 35.Rdd2
Nxe6 36.dxe6 Kg7 37.f5 Kf8 38.h3 Ke7 39.g4 c4 40.Rb2 d5 41.Kf2 d4 42.Rb7 R8a7
43.Rxa7 Rxa7 44.Rc2 Ra4 45.Kf3 Kd6 46.Re2 Ra3+ 47.Kf4 Ke7 48.Ke4 d3 49.Rh2 Rc3
50.Ke3 Rc1 51.Rb2 c3 52.Rb7 d2 53.Rxc7+ Kd8 54.Rd7+ Ke8 55.Kd4 {#R} 0-1

[Event "10th KIIT Elite Open 2017"]
[Site "Bhubaneswar IND"]
[Date "2017.05.29"]
[Round "5.29"]
[White "Raghunandan,K"]
[Black "Pranav,Anand"]
[Result "1-0"]
[WhiteElo "2410"]
[BlackElo "2068"]

1.d4 Nf6 2.c4 e6 3.a3 c5 4.d5 d6 5.Nc3 e5 6.e4 g6 7.g3 Bg7 8.Bg2 O-O 9.Nf3 Na6
10.O-O Nh5 11.Ne1 Qe7 12.Bd2 Bd7 13.Nd3 f5 14.exf5 Bxf5 15.Ne4 Nf6 16.Qe2 Nxe4
17.Bxe4 Nc7 18.b4 b5 19.Rac1 bxc4 20.Rxc4 Nb5 21.Bxf5 Rxf5 22.bxc5 Qf7 23.Be3
Qxd5 24.Nb4 Qe6 25.cxd6 Nxd6 26.Rc6 a5 27.Rd1 Bf8 28.Nd5 Rh5 29.Bc5 Rc8
30.Rxc8 Nxc8 31.Bxf8 Kxf8 32.Nf4 {#r} 1-0

[Event "ch-Flemish 2017"]
[Site "Ghent BEL"]
[Date "2017.05.26"]
[Round "3.4"]
[White "De Waele,Warre"]
[Black "Roos,Ad"]
[Result "0-1"]
[WhiteElo "2070"]
[BlackElo "2249"]

1.d4 Nf6 2.c4 e6 3.g3 Bb4+ 4.Bd2 c5 5.Bxb4 cxb4 6.Bg2 O-O 7.Nf3 Qe7 8.O-O a5
9.a3 Na6 10.axb4 Nxb4 11.Nc3 d6 12.Ne1 e5 13.Nd3 Be6 14.d5 Bg4 15.f3 Nxd3
16.exd3 Bf5 17.d4 Nd7 18.f4 exd4 19.Qxd4 Rfe8 20.Na4 Rac8 21.b3 Qe3+ 22.Qxe3
Rxe3 23.Rf3 Rce8 24.Nb2 Re1+ 25.Rf1 R1e2 26.Rf2 b6 27.Na4 Bc2 28.Rxe2 Rxe2
29.Bh3 f5 30.Ra2 Re1+ 31.Kf2 Rc1 32.Rb2 Kf7 33.Bf1 Be4 34.b4 Rc2+ 35.Rxc2 Bxc2
36.Nb2 a4 37.Bd3 a3 {#R} 0-1

[Event "26th Chicago Open 2017"]
[Site "Chicago USA"]
[Date "2017.05.28"]
[Round "7.3"]
[White "Avrukh,B"]
[Black "Brown,Michael William"]
[Result "0-1"]
[WhiteElo "2592"]
[BlackElo "2489"]
[EventType "swiss"]

1.d4 Nf6 2.c4 e6 3.g3 Bb4+ 4.Bd2 a5 5.Bg2 d5 6.Qc2 O-O 7.Nf3 b6 8.cxd5 exd5
9.O-O Re8 10.Bg5 Nbd7 11.a3 Bd6 12.Nc3 Ba6 13.Nxd5 Rxe2 14.Qf5 h6 15.Bh4 Bb7
16.Ne1 Bxd5 17.Bxd5 Rb8 18.Nd3 g5 19.Bxg5 hxg5 20.Qxg5+ Kh8 21.Bxf7 Qe7 22.Bc4
Re4 23.Rae1 Qh7 24.Rxe4 Nxe4 25.Qe3 Re8 26.Bb5 Nef6 27.Qf3 Rg8 28.Re1 Rf8
29.Ne5 Nxe5 30.dxe5 Ng8 31.Qc3 Bc5 32.Re2 Ne7 33.e6+ Qg7 34.Qxg7+ Kxg7 35.Bd7
Kf6 36.Kg2 Nf5 37.f4 Rg8 38.Re4 Nd6 39.Re5 Bd4 40.Rh5 Bxb2 41.Kf3 c5 42.g4 c4
43.g5+ Ke7 44.Kg4 Rh8 45.Rxh8 Bxh8 46.f5 Nxf5 47.Kxf5 c3 48.Ba4 b5 49.Bc2 a4
50.Ke4 b4 51.Kd3 b3 52.Bd1 Be5 53.h4 Kxe6 54.g6 Kf6 55.h5 Kg5 56.Ke3 Kh6
57.Kd3 Bd4 58.Kxd4 {#R} 0-1

[Event "4th Gligoric Cup 2017"]
[Site "Novi Banovci SRB"]
[Date "2017.05.26"]
[Round "2.7"]
[White "Stamenkovic,A"]
[Black "Majstorovic,Stanko"]
[Result "0-1"]
[WhiteElo "2206"]
[BlackElo "2149"]

1.d4 d5 2.Nf3 Nf6 3.c4 e6 4.g3 Bb4+ 5.Bd2 Bxd2+ 6.Nbxd2 O-O 7.Bg2 c6 8.O-O
Nbd7 9.Qc2 Re8 10.e4 dxe4 11.Nxe4 Nxe4 12.Qxe4 Qa5 13.Rfd1 Nf6 14.Qe5 Qxe5
15.Nxe5 Nd7 16.Rd2 f6 17.Nd3 Rd8 18.b3 Rb8 19.Rad1 Nf8 20.Nc5 Kf7 21.f4 f5
22.Nd3 Kf6 23.Ne5 Nd7 24.Bxc6 bxc6 25.Nxc6 Bb7 26.Nxd8 Rxd8 27.Kf2 Ke7 28.Ke3
Nf6 29.b4 Rc8 30.Kd3 Be4+ 31.Kc3 Bd5 32.c5 Ne4+ 33.Kb2 Rb8 34.Rc2 Rxb4+ 35.Ka3
Rb7 36.Rb2 Rd7 37.Rc1 Bc6 38.Rc4 Nf6 39.Rb8 Nd5 40.Rc8 Nc7 41.Rb4 Be4 42.Kb2
h6 43.Rbb8 Kf6 44.Rd8 Re7 45.Rf8+ Kg6 46.Kc3 Kh5 47.h3 Bg2 48.Kd3 Bxh3 49.Rb7
Bf1+ 50.Kd2 Ba6 51.Rxa7 {#R} 0-1

[Event "10th KIIT Elite Open 2017"]
[Site "Bhubaneswar IND"]
[Date "2017.05.27"]
[Round "2.2"]
[White "Senthil,Maran K"]
[Black "Ghosh,D"]
[Result "0-1"]
[WhiteElo "2111"]
[BlackElo "2569"]

1.d4 Nf6 2.c4 e6 3.g3 d5 4.Bg2 Bb4+ 5.Nd2 O-O 6.Nf3 b6 7.O-O Bb7 8.Ne5 Nbd7
9.Qa4 Bd6 10.cxd5 exd5 11.Ndc4 Be7 12.Ne3 Nb8 13.Nf5 Ne4 14.Bf4 Bg5 15.f3 Bxf4
16.fxe4 Bxe5 17.dxe5 Nd7 18.exd5 Nxe5 19.Rac1 g6 20.Qd4 f6 21.Nh6+ Kg7 22.Ng4
c5 23.Qf4 Nxg4 24.Qxg4 Qd6 25.e4 Rae8 26.Qf4 Re5 27.a3 a5 28.Qd2 a4 29.Qc2 Ba6
30.Rf2 Bb5 31.b3 axb3 32.Qxb3 Bd7 33.a4 Ree8 34.Rb2 Rb8 35.Rcb1 Rfc8 36.Qc4
Rc7 37.Qa6 c4 38.Rxb6 Rxb6 39.Qxb6 Qxb6+ 40.Rxb6 c3 41.Rb1 Bxa4 42.Rc1 c2
43.Kf2 f5 44.exf5 gxf5 45.Ke3 Kf6 46.Bf1 Ke5 47.Bd3 Rc5 48.Kd2 Rxd5 49.Kc3
Rc5+ 50.Kd2 Kd4 51.Bxc2 Bxc2 52.Rxc2 Rxc2+ 53.Kxc2 Ke3 54.Kc3 h5 55.Kc2 Ke2
56.Kc3 Ke3 57.Kc2 Kf2 58.Kd2 Kf1 59.Ke3 Kg2 60.Ke2 h4 {#R} 0-1

[Event "TCh-FRA Top 12 2017"]
[Site "Chartres FRA"]
[Date "2017.05.23"]
[Round "6.5"]
[White "Sharif,Me"]
[Black "Nezar,M"]
[Result "1-0"]
[WhiteElo "2363"]
[BlackElo "2354"]

1.Nf3 Nf6 2.g3 c5 3.Bg2 d5 4.O-O Nc6 5.d4 e6 6.c4 dxc4 7.Ne5 Nxe5 8.dxe5 Qxd1
9.Rxd1 Nd7 10.f4 Nb6 11.a4 a5 12.Nc3 Be7 13.Be3 O-O 14.Rd2 Rb8 15.Ne4 Nd5
16.Bxc5 Bxc5+ 17.Nxc5 b6 18.Ne4 Ba6 19.Nd6 Nb4 20.Rad1 Rfd8 21.Bf1 Kf8 22.e4
Nd3 23.Bxd3 cxd3 24.Rc1 Rd7 25.Rc6 Ke7 26.Kf2 f6 27.exf6+ gxf6 28.e5 fxe5
29.fxe5 Kd8 30.Ke3 Rc7 31.Rxc7 Kxc7 32.Nb5+ Kc6 33.Rxd3 Bxb5 34.Rd6+ Kc5
35.axb5 Re8 36.g4 h6 37.h4 Rg8 38.Kf4 Rf8+ 39.Kg3 Re8 {#r} 1-0

[Event "Bodensee Open 2017"]
[Site "Bregenz AUT"]
[Date "2017.05.27"]
[Round "8.6"]
[White "Prakken,G"]
[Black "Bezemer,A"]
[Result "0-1"]
[WhiteElo "2167"]
[BlackElo "2280"]

1.d4 Nf6 2.Nf3 d5 3.c4 e6 4.g3 dxc4 5.Bg2 Nc6 6.O-O Rb8 7.e3 Be7 8.Nfd2 e5
9.Bxc6+ bxc6 10.dxe5 Ng4 11.Nxc4 Qxd1 12.Rxd1 Ba6 13.Nbd2 Rd8 14.b3 Bxc4
15.bxc4 Nxe5 16.Kf1 Nxc4 17.Ke2 Nb6 18.Bb2 Na4 19.Nc4 Rd5 20.Rac1 O-O 21.e4
Nxb2 22.Nxb2 Ra5 23.Rxc6 Rxa2 24.Rd2 Bb4 25.Rdc2 Re8 26.Kd3 Ra3+ 27.Kd4 Rd8+
28.Kc4 Bd6 29.f4 Rb8 30.Nd3 Ra4+ 31.Kc3 Rxe4 32.Ra2 h5 33.Nc5 Re1 34.Kd2 Rbe8
35.Rxa7 R8e2+ 36.Kd3 Rxh2 {#R} 0-1

[Event "ch-Flemish 2017"]
[Site "Ghent BEL"]
[Date "2017.05.26"]
[Round "4.7"]
[White "De Waele,Warre"]
[Black "Van Cappellen,J"]
[Result "1-0"]
[WhiteElo "2070"]
[BlackElo "2155"]

1.d4 Nf6 2.c4 e6 3.g3 d5 4.Nf3 dxc4 5.Bg2 Bb4+ 6.Bd2 a5 7.Qc2 Bxd2+ 8.Qxd2 O-O
9.Na3 b6 10.Ne5 Nd5 11.Naxc4 Bb7 12.O-O Nd7 13.Rac1 Nxe5 14.Nxe5 Qd6 15.a3
Rad8 16.Nd3 Ba6 17.Rfd1 Ne7 18.Qc3 Qxd4 19.Qxd4 Rxd4 20.Rxc7 Nc8 21.Bb7 Bxb7
22.Rxb7 e5 23.Rc1 e4 24.Ne5 Rd5 25.Nd7 Rd8 26.Rb8 {#r} 1-0

[Event "Groninger Combinatie Open"]
[Site "Groningen NED"]
[Date "2017.05.26"]
[Round "3.5"]
[White "Ernst,S"]
[Black "Hummel,J"]
[Result "1-0"]
[WhiteElo "2550"]
[BlackElo "2003"]

1.c4 e6 2.d4 d5 3.Nf3 Nf6 4.g3 dxc4 5.Bg2 Nc6 6.Qa4 Bb4+ 7.Bd2 Nd5 8.O-O Bd7
9.Qc2 b5 10.e4 Nb6 11.d5 exd5 12.exd5 Nxd5 13.Re1+ Be7 14.Ng5 Nf6 15.Bc3 Kf8
16.a4 a6 17.axb5 axb5 18.Rxa8 Qxa8 19.Bxf6 Bxf6 20.Nxh7+ Kg8 21.Nxf6+ gxf6
22.Nc3 Nb4 23.Qd2 Bc6 24.Ne4 Nd5 25.Nxf6+ Nxf6 26.Qg5+ Kh7 27.Qxf6 Bxg2
28.Qxf7+ Kh6 29.Re6+ Kg5 30.Qg6# 1-0

[Event "26th Chicago Open 2017"]
[Site "Chicago USA"]
[Date "2017.05.27"]
[Round "4.23"]
[White "Colas,Joshua"]
[Black "Kelly,Joey M"]
[Result "1-0"]
[WhiteElo "2352"]
[BlackElo "2039"]
[EventType "swiss"]

1.d4 Nf6 2.Nf3 e6 3.g3 d5 4.c4 dxc4 5.Bg2 c6 6.O-O b5 7.a4 Bb7 8.Ne5 Qc7 9.b3
cxb3 10.Qxb3 a6 11.Bf4 Bd6 12.Na3 Nd5 13.Bxd5 exd5 14.axb5 O-O 15.bxc6 Nxc6
16.Nxc6 Bxc6 17.Bxd6 Qxd6 18.Rfc1 Rab8 19.Qc3 Rfc8 20.Qc5 Qe6 21.Qa7 Bd7
22.Rxc8+ Rxc8 23.Rb1 h6 24.Qb7 Rc3 25.Qb4 Qc6 26.Kg2 Bf5 27.Rb3 Rc1 28.Qb8+
Kh7 29.Qf4 Bg6 30.Qd2 Bf5 31.f3 Qa4 32.Qxc1 Qxb3 33.g4 Bg6 34.h4 f5 35.h5 Be8
36.gxf5 Bd7 37.f6 gxf6 38.Qc7 Qa4 39.Qd6 Qc6 40.Qe7+ Kg8 41.Qd8+ Kf7 42.Kf2
Bf5 43.Qb8 Qc8 44.Qa7+ Kf8 45.Qb6 Qe6 46.Qd8+ Kf7 47.Qc7+ Qe7 48.Qf4 Ke6 49.e4
Bh7 50.Nc2 Qd6 51.Qg4+ f5 52.exf5+ Bxf5 53.Qg8+ Ke7 54.Ne3 Qh2+ 55.Ke1 Qh1+
56.Kd2 Qh2+ 57.Kc1 Qc7+ 58.Kd1 Be6 59.Qg7+ Kd8 60.Qxh6 Bd7 61.Qf6+ Kc8
62.Qxa6+ {#r} 1-0

[Event "26th Chicago Open 2017"]
[Site "Chicago USA"]
[Date "2017.05.28"]
[Round "7.7"]
[White "Friedel,J"]
[Black "Vazquez,Guillermo"]
[Result "1-0"]
[WhiteElo "2528"]
[BlackElo "2443"]
[EventType "swiss"]

1.d4 Nf6 2.c4 e6 3.Nf3 d5 4.g3 dxc4 5.Bg2 Nc6 6.O-O Rb8 7.Nc3 b5 8.Ne5 Nxe5
9.dxe5 Nd7 10.Qd4 c5 11.Qf4 Qc7 12.a4 a6 13.axb5 axb5 14.Rd1 Be7 15.Qg4 Kf8
16.Qh5 h6 17.f4 b4 18.Ne4 Bb7 19.Nd6 g6 20.Qh3 Bxg2 21.Qxg2 Bxd6 22.exd6 Qb7
23.e4 Nf6 24.f5 gxf5 25.exf5 Qxg2+ 26.Kxg2 Kg7 27.Bf4 Nd7 28.fxe6 fxe6 29.Ra7
Rhd8 30.Re1 Kf6 31.Bxh6 e5 32.h4 Ke6 33.Bg7 c3 34.bxc3 bxc3 35.h5 Rg8 36.h6
Rxg7 37.hxg7 Rg8 38.Rc1 Rxg7 39.Ra6 Kd5 40.Rxc3 e4 41.Ra7 Ke6 42.Rc4 Kd5
43.Rc1 Kxd6 44.Kf2 Ke6 45.Rd1 Rf7+ 46.Ke3 Rh7 47.Rc7 Rf7 48.g4 Rh7 49.g5 Rh3+
50.Kxe4 Rh4+ 51.Ke3 Ne5 52.Rg1 Kf5 53.Rxc5 Re4+ 54.Kf2 Rf4+ 55.Ke3 Re4+ 56.Kd2
Kg6 57.Rg3 Ng4 58.Ra5 Kh5 59.Kc3 Kg6 60.Rg1 Kh5 61.Rg2 Kg6 62.Kd3 Rb4 63.Rc2
Rb6 64.Ke4 Kh5 65.Rc3 Kh4 66.Kf5 Rb4 67.g6 Rb6 68.g7 Rf6+ 69.Ke4 Re6+ 70.Kf4
Nh6 71.Rcc5 {#r} 1-0

[Event "36th Zalakaros Open 2017"]
[Site "Zalakaros HUN"]
[Date "2017.05.23"]
[Round "6.44"]
[White "Paszewski,M"]
[Black "Szukics,A"]
[Result "1-0"]
[WhiteElo "2327"]
[BlackElo "2229"]

1.Nf3 d5 2.g3 Nf6 3.Bg2 e6 4.c4 Be7 5.O-O O-O 6.d4 dxc4 7.Qc2 a6 8.a4 Bd7
9.Qxc4 Bc6 10.Bf4 Bd6 11.Qc1 Bxf4 12.Qxf4 Qd6 13.Qc1 Qb4 14.Nc3 Nbd7 15.Rd1
Nb6 16.Qc2 Nfd5 17.Ne5 Nxc3 18.bxc3 Bxa4 19.cxb4 Bxc2 20.Rdc1 f6 21.Rxc2 fxe5
22.Rxc7 Nd5 23.Bxd5 exd5 24.dxe5 Rf7 25.Rac1 Re8 26.f4 g5 27.e3 g4 28.Kf2 Re6
29.Rxf7 Kxf7 30.Rc7+ Kg6 31.Rd7 Kf5 32.Rxd5 Rb6 33.Rd4 Rb5 34.e4+ Ke6 35.Ke3
a5 36.bxa5 Rb3+ 37.Rd3 Rb2 38.Rd6+ Ke7 39.Rh6 Kd7 40.f5 {#r} 1-0

[Event "6th CHN w Masters 2017"]
[Site "Wuxi CHN"]
[Date "2017.05.29"]
[Round "3.2"]
[White "Zhao,Shengxin"]
[Black "Wang Jue"]
[Result "1-0"]
[WhiteElo "2155"]
[BlackElo "2339"]

1.d4 Nf6 2.c4 e6 3.g3 d5 4.Bg2 Be7 5.Nf3 O-O 6.O-O dxc4 7.Qc2 a6 8.a4 Bd7
9.Qxc4 Bc6 10.Bg5 Nbd7 11.Nc3 h6 12.Bxf6 Nxf6 13.Rfd1 a5 14.Rac1 Bxf3 15.Bxf3
c6 16.Qb3 Rb8 17.e4 Bb4 18.Na2 Be7 19.Nc3 Nd7 20.d5 Nc5 21.Qc4 Qb6 22.d6 Bg5
23.Nd5 cxd5 24.Qxc5 Qxb2 25.Rb1 Qf6 26.Bg2 Rbc8 27.Qxa5 Rc2 28.Qe1 Qe5 29.f4
Bxf4 30.gxf4 Qxd6 31.Rd2 Rxd2 32.Qxd2 Ra8 33.Rb4 Qc5+ 34.Kh1 Rc8 35.h3 Qa5
36.exd5 Rc4 37.Rb2 Qc5 38.dxe6 fxe6 39.Rxb7 Rd4 40.Qe1 Qd6 41.Qe3 Rxa4 42.Rb6
Qxf4 43.Qxe6+ Kh7 44.Qg6+ Kh8 45.Qb1 Kg8 46.Bd5+ Kf8 47.Rb8+ Ke7 48.Qb7+ Kd6
49.Qc6+ Ke5 50.Re8+ {#r} 1-0

[Event "St Louis Spring Classic A"]
[Site "Saint Louis USA"]
[Date "2017.05.23"]
[Round "8.3"]
[White "Xiong,Jeffery"]
[Black "Swiercz,D"]
[Result "1-0"]
[WhiteElo "2652"]
[BlackElo "2649"]

1.Nf3 Nf6 2.c4 e6 3.d4 d5 4.g3 Be7 5.Bg2 O-O 6.O-O dxc4 7.Qc2 a6 8.a4 Bd7
9.Qxc4 Bc6 10.Bg5 Bd5 11.Qc2 Be4 12.Qc1 h6 13.Bxf6 Bxf6 14.Rd1 a5 15.Qf4 Bh7
16.Nbd2 c6 17.e4 Na6 18.Nc4 Nb4 19.h4 Qb8 20.Nfe5 Qc7 21.Rd2 Rfd8 22.Rad1 b5
23.axb5 cxb5 24.Na3 Rab8 25.Bf1 Qb7 26.f3 Bxe5 27.dxe5 Rxd2 28.Qxd2 Nc6
29.Bxb5 Qb6+ 30.Qf2 Qxf2+ 31.Kxf2 Nxe5 32.Rd6 g5 33.hxg5 hxg5 34.Ra6 Rd8
35.Ke3 g4 36.f4 Nf3 37.Be2 Nd2 38.Bd3 Nb3 39.Bc2 Rb8 40.Nc4 Na1 41.Bd3 Rb3
42.Rxa5 Nc2+ 43.Kd2 Ne1 44.Ra3 Nf3+ 45.Ke3 Rb4 46.Rc3 f5 47.e5 Bg6 48.b3 Kf8
49.Nd6 Ke7 50.Rc7+ Kd8 51.Rb7 {#r} 1-0

[Event "10th KIIT Elite Open 2017"]
[Site "Bhubaneswar IND"]
[Date "2017.05.28"]
[Round "4.4"]
[White "Laxman,R"]
[Black "Sahoo,U"]
[Result "1-0"]
[WhiteElo "2417"]
[BlackElo "2256"]

1.d4 Nf6 2.c4 e6 3.Nf3 d5 4.g3 Be7 5.Bg2 O-O 6.O-O dxc4 7.Qa4 a6 8.Qxc4 b5
9.Qc2 Bb7 10.Bd2 Bd6 11.Re1 Be4 12.Qc1 Nbd7 13.Ba5 Rc8 14.Nbd2 Ba8 15.b4 Qe7
16.a3 Ne4 17.Nxe4 Bxe4 18.Qe3 Ba8 19.Rac1 Rfe8 20.Rc2 Nb6 21.Nd2 Bxg2 22.Kxg2
e5 23.dxe5 Qxe5 24.Qxe5 Bxe5 25.e4 Na4 26.Nb3 Bb2 27.Ree2 Bf6 28.Nc5 Nxc5
29.Rxc5 c6 30.Rcc2 Bd8 31.Bxd8 Rexd8 32.Re3 Kf8 33.Rec3 Rd6 34.e5 Re6 35.f4 f6
36.exf6 Rxf6 37.Rc5 Ke7 38.Kf3 Kd7 39.h4 Re8 40.h5 Re1 41.Rg5 g6 42.Rc3 Rd1
43.Kg4 Rd4 44.hxg6 hxg6 45.Re5 Rfd6 46.Kg5 a5 47.bxa5 Ra4 48.Rce3 Rxa5 49.g4
Ra4 50.Re7+ Kd8 51.Rg7 Rd5+ 52.f5 gxf5 53.gxf5 c5 54.Rh3 Rd7 55.f6 Rd5+ 56.Kg6
Rg4+ 57.Kh7 Rf4 58.f7 Rdf5 59.Rd3+ Rd4 60.Rxd4+ cxd4 61.Kg8 d3 62.f8=Q+ {#r}
1-0